00362nam a2200145Ia 4500008004100000020001500041041000800056082001800064100001700082245003600099250000600135260005200141300001400193650000900207210716s2002 xx 000 0 und d a8120322983 aeng a004.6005 BUYJ aBuyens, Jim. aTroubleshooting frontpage 2002. a1 aNew DelhibPrentice Hall of India PVt Ltdc2002 axviii,363 aNone